书目信息 |
| 题名: |
八位三角函数表
|
|
| 作者: | ||
| 分册: | ||
| 出版信息: | 北京 测绘出版社 1976 |
|
| 页数: | 901页 | |
| 开本: | 26cm | |
| 丛书名: | ||
| 单 册: | ||
| 中图分类: | O1-445 , O1-645 | |
| 科图分类: | ||
| 主题词: | 数学表-三角函数 , 数学 , 三角函数-数学表 | |
| 电子资源: | ||
| ISBN: | ||
| 000 | 00633nam0 2200253 45 | |
| 001 | 0176001768 | |
| 005 | 20061121151015.92 | |
| 010 | @dCNY6.50 | |
| 091 | @a15030.新23 | |
| 100 | @a19950927d1976 em y0chiy0121 ea | |
| 101 | 0 | @achi |
| 102 | @aCN@b110000 | |
| 105 | @ak o 000yy | |
| 200 | 10 | @a八位三角函数表@Aba wei san jiao han shu biao |
| 210 | @a北京@c测绘出版社@d1976 | |
| 215 | @a901页@d26cm | |
| 606 | @a数学表-三角函数 | |
| 606 | 0 | @a数学 |
| 606 | @a三角函数-数学表 | |
| 690 | @aO1-445@v4 | |
| 690 | @aO1-645@v3 | |
| 801 | 0 | @aCN@b广东省中山图书馆@c20061121 |
| 801 | 2 | @aCN@bNLC@c20060626 |
| 905 | @dO1-645@e20 | |
| 八位三角函数表.-北京:测绘出版社,1976 |
| 901页;26cm |
| ISBN :CNY6.50 |
| ● |
| 相关链接 |
|
|
|
|
正题名:八位三角函数表
索取号:O1-645/20
 
预约/预借
| 序号 | 登录号 | 条形码 | 馆藏地/架位号 | 状态 | 备注 |
| 1 | 0008436 | 001234426 | 密集书库/ [索取号:O1-645/20] | 在馆 | |
| 2 | 0033269 | 202091538 | 第二样本阅览室/ [索取号:O1-645/20] | 在馆 |